Rehabilitation engineering applied to mobility and manipulation / Rory A. Cooper. (رقم التسجيلة. 77332)

تفاصيل مارك
000 -الفاتح
حقل البيانات ثابتة الطول 01373cam a2200361 a 4500
001 - رقم الضبط
رقم الضبط 3507018
003 - محدد رقم الضبط
رقم الضبط OSt
005 - وقت وتاريخ اخر تعامل مع التسجيلة
رقم الضبط 20191121204855.0
008 - عناصر البيانات ثابتة الطول - معلومات عامة
حقل البيانات ثابتة الطول 950811s1995 enka b 001 0 eng c
020 ## - الرقم الدولى المعيارى للكتب
الرقم الدولى المعيارى للكتاب 0750303433
040 ## - مصدر الفهرسة
وكالة الفهرسة الأصلية DNLM/DLC
وكالة النسخ DLC
وكالة التعديل DLC
050 00 - رقم طلب مكتبة الكونجرس
رقم التصنيف RM950
رقم المادة .C66 1995
060 10 - رقم الطلب بالمكتبة الطبية الوطنية
رقم التصنيف WB 26 C778r 1995
082 00 - رقم تصنيف ديوى العشرى
رقم التصنيف 617.03
رقم الطبعة 22
رقم المادة CRR
100 1# - المدخل الرئيسى - إسم شخصى
الإسم الشخصى Cooper, Rory A.
245 10 - بيان العنوان
العنوان Rehabilitation engineering applied to mobility and manipulation / Rory A. Cooper.
260 ## - PUBLICATION, DISTRIBUTION, ETC. (IMPRINT)
مكان الناشر او الموزع Bristol ;
-- Philadelphia :
اسم الناشر او الموزع Institute of Physics Pub.,
تاريخ النشر أو التوزيع c1995.
300 ## - الوصف المادى
التعداد xviii, 516 p. :
تفاصيل ماديه اخرى للوعاء ill. ;
أبعاد الوعاء 24 cm.
504 ## - تبصرة ببليوجرافية
تبصرة ببليوجرافية,الخ Includes bibliographical references and index.
650 #0 - المدخل الاضافى بالموضوع-مصطلح موضوعى
مصطلح موضوعي أو اسم جغرافي كعنصر مدخل Rehabilitation technology.
650 #0 - المدخل الاضافى بالموضوع-مصطلح موضوعى
مصطلح موضوعي أو اسم جغرافي كعنصر مدخل Human mechanics.
650 #0 - المدخل الاضافى بالموضوع-مصطلح موضوعى
مصطلح موضوعي أو اسم جغرافي كعنصر مدخل Wheelchairs.
650 #0 - المدخل الاضافى بالموضوع-مصطلح موضوعى
مصطلح موضوعي أو اسم جغرافي كعنصر مدخل Manipulation (Therapeutics)
650 12 - المدخل الاضافى بالموضوع-مصطلح موضوعى
مصطلح موضوعي أو اسم جغرافي كعنصر مدخل Rehabilitation
التقسيم الفرعي العام instrumentation.
650 22 - المدخل الاضافى بالموضوع-مصطلح موضوعى
مصطلح موضوعي أو اسم جغرافي كعنصر مدخل Biomedical Engineering.
650 22 - المدخل الاضافى بالموضوع-مصطلح موضوعى
مصطلح موضوعي أو اسم جغرافي كعنصر مدخل Equipment Design.
650 22 - المدخل الاضافى بالموضوع-مصطلح موضوعى
مصطلح موضوعي أو اسم جغرافي كعنصر مدخل Wheelchairs
التقسيم الفرعي العام standards.
856 42 - الوصول و الموقع الالكترونى
معرف المصدر الموحد http://www.loc.gov/catdir/enhancements/fy0665/95038066-d.html
952 ## - LOCATION AND ITEM INFORMATION (KOHA)
نوع المادة فى نظام كوها كتاب
952 ## - LOCATION AND ITEM INFORMATION (KOHA)
نوع المادة فى نظام كوها كتاب
952 ## - LOCATION AND ITEM INFORMATION (KOHA)
نوع المادة فى نظام كوها كتاب
952 ## - LOCATION AND ITEM INFORMATION (KOHA)
نوع المادة فى نظام كوها كتاب
952 ## - LOCATION AND ITEM INFORMATION (KOHA)
نوع المادة فى نظام كوها كتاب
952 ## - LOCATION AND ITEM INFORMATION (KOHA)
نوع المادة فى نظام كوها كتاب
952 ## - LOCATION AND ITEM INFORMATION (KOHA)
نوع المادة فى نظام كوها كتاب
440 #0 - بيان السلسلة/مدخل إضافى-العنوان
العنوان Medical science series
9 (RLIN) 75236
942 ## -
-- ddc
-- BOOK
906 ## - عنصر بيانات محلى F, LDF (RLIN)
a 7
b cbc
c orignew
d 1
e ocip
f 19
g y-gencatlg
المقتنيات
حالة الفقد نموذج السعر الفعال حالة تلف ليس للاعارة تاريخ الاكتساب رقم الطلب تاريخ الاكتساب الموقع الحالي الباركود الفرع الرئيسي Date last seen مصدر التصنيف او خطة الترفيف Total Checkouts
  2022-12-18   Not For Loan 2022-12-18 617.03 CRR 2022-12-18 AMF 00270450 مكتبة كلية العلوم الطبية التطبيقية بالمجمعة - طالبات (AMF) 2022-12-18 Dewey Decimal Classification  
  2022-12-18     2022-12-18 617.03 CRR 2022-12-18 AMF 00270505 مكتبة كلية العلوم الطبية التطبيقية بالمجمعة - طالبات (AMF) 2022-12-18 Dewey Decimal Classification  
  2019-11-21     2019-11-21 617.03 CRR 2019-11-21 CL 00158444 المكتبة المركزية بالمجمعة (CL) 2019-11-21 Dewey Decimal Classification  
  2019-11-21     2019-11-21 617.03 CRR 2019-11-21 CL 00158445 المكتبة المركزية بالمجمعة (CL) 2019-11-21 Dewey Decimal Classification  
  2019-11-21     2019-11-21 617.03 CRR 2019-11-21 CL 00158446 المكتبة المركزية بالمجمعة (CL) 2019-11-21 Dewey Decimal Classification  
  2019-11-21     2019-11-21 617.03 CRR 2019-11-21 SZM 00158447 مكتبة مجمع الكليات بالزلفى - طلاب (SZM) 2019-11-21 Dewey Decimal Classification  
  2019-11-21     2019-11-21 617.03 CRR 2019-11-21 SZM 00158448 مكتبة مجمع الكليات بالزلفى - طلاب (SZM) 2019-11-21 Dewey Decimal Classification